000
00196 a2200109 4500
020
_a
9781596461710
041
_a
spa
100
_a
Judy Zocchi
245
_a
En Canada
942
_c
BK
952
_7
1
999
_c
21187
_d
21187